00612 2200193 4500001002100000005001500021035002000036007000300056008003900059082001000098084001600108100001400124245014800138260005300286300004100339650001100380650001400391022001300405INLIS00000000000098820240919102455 a0010-0924000066ta240919 | | |  a633.1 a633.1 HAD t0 aHadi, S N1 aThe role of phosphate solubilizing bacteria from Rhizosphere of upland rice in the growth and yield of upland rice on ultisol soil /cHadi, S N aUnited Kingdom, Bristol :bIOP Publishing,c2021 a1-7 hlm, :bilus, ;c21 cm X 29,5 cm 4aJurnal 4aPadi Gogo a17551315